Podział administracyjny Grecji na mapie - Statystyki

Ogólne statystyki
  • Ten quiz został rozwiązany 37 razy
  • Średni wynik to 4 z 8
Odpowiedzi na mapie
Odpowiedzi zakodowano w zielono-czerwonej skali na mapie do tego quizu, zgodnie z poniższymi procentami.
 
Statystyki odpowiedzi
Jednostka podziału administracyjnego % Poprawnych
{Kreta}
100%
{Attyka}
83%
{Athos}
50%
{Wyspy} {Egejskie}
50%
{Epir}-{Macedonia} {Zachodnia}
25%
{Macedonia}-{Tracja}
17%
{Peloponez}, {Grecja} {Zachodnia} i {Wyspy} {Jońskie}
17%
{Tesalia}-{Grecja} {Środkowa}
17%
Nie znaleziono quizów pasujących do podanych kryteriów
Rozkład punktacji
Procent ludzi z każdym wynikiem
Percentyl według liczby udzielonych odpowiedzi
Twoja historia wyników
Nie rozwiązałeś tego quizu